| 000 | 00000nam 2200000za 4500 |
| 001 | 9.660995 |
| 003 | CaOODSP |
| 005 | 20250106080149 |
| 007 | ta |
| 008 | 150407|1999||||xxc||||| f|0| 0 eng d |
| 020 | |a0-662-64252-X |
| 040 | |aCaOODSP|beng |
| 041 | |aeng |
| 041 | |afre |
| 043 | |an-cn--- |
| 086 | 1 |aV32-59/1999 |
| 110 | 1 |aCanada. |bVeterans Affairs Canada. |
| 245 | 10|aNormandy 1944 / |cby J. L. Granatstein. |
| 250 | |aRevised edition. |
| 260 | |aOttawa - Ontario : |bVeterans Affairs Canada |c1999. |
| 300 | |aEnglish text, 58p. : |billus., map ; |c22 cm. |
| 500 | |a"Published to commemorate the 55th anniversary of the D-Day landings and the Normandy campaign."--Inside front cover. |
| 520 | 3 |aPublished to commemorate the 55th anniversary of the D-Day landings and the Normandy campaign.--Inside front cover |
| 546 | |aBilingual |
| 563 | |aSoftcover |
| 590 | |a99-24|b1999-06-18 |
| 690 | 07|aVeterans|2gcpds |
| 690 | 07|aWorld war, 1939-1945|2gcpds |
| 720 | 1 |aGranatstein, J. L. |
| 776 | 0#|tNormandy 1944 / |w(CaOODSP)9.946510 |
| 792 | |tNormandie 1944 / |efre|w(CaOODSP)9.660996 |